Statistics for Tuscany Quiz

Click here to take the quiz!

General Stats

  • This quiz has been taken 373 times
    (334 since last reset)
  • The average score is 13 of 18

Answer Stats

HintAnswer% Correct
Capital and largest cityFlorence
98%
Polymath and painter of the "Mona Lisa"Leonardo da Vinci
94%
City with a leaning towerPisa
93%
Its name in ItalianFirenze
92%
French emperor who was briefly exiled to mentioned islandNapoleon
86%
Italian name of TuscanyToscana
83%
Tuscany was a center of this 15th-16th century "rebirth"Renaissance
82%
Family of politicians and bankers that ruled the capital in the 15th centuryMedici
80%
Third largest Italian islandElba
76%
Navigator and namesake of two continentsAmerigo Vespucci
74%
Philosopher who advocated for ruthless power politics in "The Prince"Niccolò Machiavelli
65%
Material that is famously quarried in CarraraMarble
64%
City that hosts the palio, a horse race that takes place on a public piazzaSiena
62%
Ancient civilization. One of its kings was Tarquinius.Etruscans
60%
River that runs through the capitalArno
59%
Famous poet who used the Tuscan dialect to develop the standard Italian languageDante Alighieri
58%
Hannibal Lecter ate someone's liver with fava beans and wine from this regionChianti
57%
Italy's most visited museumUffizi
57%

Score Distribution

Percentile by Number Answered

Percent of People with Each Score

Your Score History

You have not taken this quiz since the last reset